The wonderful wizard of Oz / (Record no. 354)

MARC details
000 -LEADER
fixed length control field 03171nam a22006377a 4500
001 - CONTROL NUMBER
control field 354
003 - CONTROL NUMBER IDENTIFIER
control field FISKH
005 - DATE AND TIME OF LATEST TRANSACTION
control field 20250619113103.0
008 - FIXED-LENGTH DATA ELEMENTS--GENERAL INFORMATION
fixed length control field 230328b cb ||||| |||| 00| 0 eng d
020 ## - INTERNATIONAL STANDARD BOOK NUMBER
International Standard Book Number 9781338052954
035 ## - SYSTEM CONTROL NUMBER
System control number (OCoLC)ocn961107946
040 ## - CATALOGING SOURCE
Original cataloging agency IHX
Language of cataloging eng
Transcribing agency IHX
Description conventions rda
Modifying agency OCLCO
-- OCLCF
-- IJC
-- DLC
-- FISKH
041 1# - LANGUAGE CODE
Language code of text/sound track or separate title eng
Language code of original ita
042 ## - AUTHENTICATION CODE
Authentication code lccopycat
050 00 - LIBRARY OF CONGRESS CALL NUMBER
Classification number PZ7.S86008
Item number Won 2016
082 04 - DEWEY DECIMAL CLASSIFICATION NUMBER
Classification number 853.92
Edition number 23
100 1# - MAIN ENTRY--PERSONAL NAME
Personal name Dami, Elisabetta
Dates associated with a name 1958-
240 10 - UNIFORM TITLE
Uniform title Meraviglioso mago di Oz.
Language of a work English
245 14 - TITLE STATEMENT
Title The wonderful wizard of Oz /
Statement of responsibility, etc. Geronimo Stilton ; based on the novel by L. Frank Baum ; illustrations by Danilo Loizedda and Edwin Nori ; translated by Emily Clement.
264 #1 - PRODUCTION, PUBLICATION, DISTRIBUTION, MANUFACTURE, AND COPYRIGHT NOTICE
Place of production, publication, distribution, manufacture New York :
Name of producer, publisher, distributor, manufacturer Scholastic.
Date of production, publication, distribution, manufacture, or copyright notice 2016.
264 #4 - PRODUCTION, PUBLICATION, DISTRIBUTION, MANUFACTURE, AND COPYRIGHT NOTICE
Date of production, publication, distribution, manufacture, or copyright notice 2016
300 ## - PHYSICAL DESCRIPTION
Extent 207 pages :
Other physical details color illustrations ;
Dimensions 20 cm.
336 ## - CONTENT TYPE
Content type term text
Content type code txt
Source rdacontent
337 ## - MEDIA TYPE
Media type term unmediated
Media type code n
Source rdamedia
338 ## - CARRIER TYPE
Carrier type term volume
Carrier type code nc
Source rdacarrier
490 0# - SERIES STATEMENT
Series statement Geronimo Stilton classic tales
500 ## - GENERAL NOTE
General note Originally published in 2011 in Italy under the title Il meraviglioso mago di Oz.
500 ## - GENERAL NOTE
General note "This edition is available for distribution only through the school market"-- Page [4] of cover.
505 ## - FORMATTED CONTENTS NOTE
Formatted contents note M
520 ## - SUMMARY, ETC.
Summary, etc. "Holey cheese! When a terrible tornado blows through Dorothy's hometown in Kansas, she and her little dog, Toto, are carried away to a magical land called Oz. There, she meets the talking Scarecrow, the Tin Woodman, and the Cowardly Lion. Dorothy and her new friends set out on a fabumouse adventure down the cheddar-colored yellow brick road. Will they meet the mysterious Wizard of Oz? And will Dorothy ever find her way home?" -- Back cover.
521 0# - TARGET AUDIENCE NOTE
Target audience note 700 <br/>
Source Lexile
521 0# - TARGET AUDIENCE NOTE
Target audience note M <br/>
Source Raz-Plus
600 00 - SUBJECT ADDED ENTRY--PERSONAL NAME
Personal name Wizard,
Titles and other words associated with a name of Oz (Fictitious character)
Form subdivision Juvenile fiction.
600 10 - SUBJECT ADDED ENTRY--PERSONAL NAME
Personal name Gale, Dorothy
Titles and other words associated with a name (Fictitious character)
Form subdivision Juvenile fiction.
600 17 - SUBJECT ADDED ENTRY--PERSONAL NAME
Personal name Gale, Dorothy
Titles and other words associated with a name (Fictitious character)
Source of heading or term fast
Authority record control number or standard number (OCoLC)fst00937146
600 07 - SUBJECT ADDED ENTRY--PERSONAL NAME
Personal name Wizard,
Titles and other words associated with a name of Oz (Fictitious character)
Source of heading or term fast
Authority record control number or standard number (OCoLC)fst01176451
650 #0 - SUBJECT ADDED ENTRY--TOPICAL TERM
Topical term or geographic name entry element Wizards
Form subdivision Juvenile fiction.
650 #0 - SUBJECT ADDED ENTRY--TOPICAL TERM
Topical term or geographic name entry element Oz (Imaginary place)
Form subdivision Juvenile fiction.
650 #0 - SUBJECT ADDED ENTRY--TOPICAL TERM
Topical term or geographic name entry element Voyages, Imaginary
Form subdivision Juvenile fiction.
650 #0 - SUBJECT ADDED ENTRY--TOPICAL TERM
Topical term or geographic name entry element Mice
Form subdivision Juvenile fiction.
650 #7 - SUBJECT ADDED ENTRY--TOPICAL TERM
Topical term or geographic name entry element Mice.
Source of heading or term fast
Authority record control number or standard number (OCoLC)fst01019337
650 #7 - SUBJECT ADDED ENTRY--TOPICAL TERM
Topical term or geographic name entry element Oz (Imaginary place)
Source of heading or term fast
Authority record control number or standard number (OCoLC)fst01049738
650 #7 - SUBJECT ADDED ENTRY--TOPICAL TERM
Topical term or geographic name entry element Voyages, Imaginary.
Source of heading or term fast
Authority record control number or standard number (OCoLC)fst01169333
650 #7 - SUBJECT ADDED ENTRY--TOPICAL TERM
Topical term or geographic name entry element Wizards.
Source of heading or term fast
Authority record control number or standard number (OCoLC)fst01176452
655 #7 - INDEX TERM--GENRE/FORM
Genre/form data or focus term Fantasy fiction.
Source of term fast
Authority record control number or standard number (OCoLC)fst01726607
655 #7 - INDEX TERM--GENRE/FORM
Genre/form data or focus term Fiction.
Source of term fast
Authority record control number or standard number (OCoLC)fst01423787
655 #7 - INDEX TERM--GENRE/FORM
Genre/form data or focus term Juvenile works.
Source of term fast
Authority record control number or standard number (OCoLC)fst01411637
655 #7 - INDEX TERM--GENRE/FORM
Genre/form data or focus term Fantasy fiction.
Source of term lcgft
700 1# - ADDED ENTRY--PERSONAL NAME
Personal name Loizedda, Danilo,
Dates associated with a name 1971-
Relator term illustrator.
700 1# - ADDED ENTRY--PERSONAL NAME
Personal name Nori, Edwin,
Relator term illustrator.
700 1# - ADDED ENTRY--PERSONAL NAME
Personal name Clement, Emily
Titles and other words associated with a name (Translator),
Relator term translator.
700 1# - ADDED ENTRY--PERSONAL NAME
Personal name Baum, L. Frank
Fuller form of name (Lyman Frank),
Dates associated with a name 1856-1919.
Title of a work Wizard of Oz.
Relationship information Based on:
906 ## - LOCAL DATA ELEMENT F, LDF (RLIN)
a 7
b cbc
c copycat
d 2
e ncip
f 20
g y-gencatlg
942 ## - ADDED ENTRY ELEMENTS (KOHA)
Source of classification or shelving scheme Dewey Decimal Classification
Koha item type Books
Suppress in OPAC No
Holdings
Withdrawn status Lost status Source of classification or shelving scheme Damaged status Not for loan Collection Home library Current library Shelving location Date acquired Total Checkouts Full call number Barcode Date due Date last seen Date last checked out Price effective from Koha item type Copy number
    Dewey Decimal Classification     Juvenile Fiction Footprints International School Library Network Toul Kork Campus Footprints International School Library Network Toul Kork Campus TK Primary Library Room(4th Floor), Bookcase 5&6, Shelves 33-56, Orange Books 03/28/2023 3 DAM 853.92 PZ7.S86008 FISTK05374 11/25/2025 11/11/2025 11/11/2025 03/28/2023 Books  
    Dewey Decimal Classification     Juvenile Fiction Footprints International School Library Network Toul Tom Poung Campus Footprints International School Library Network Toul Tom Poung Campus TTP Primary Orange Bookshelves 06/19/2025 2 DAM 853.92 PZ7.S86008 2025-1667   04/10/2026 03/27/2026 06/19/2025 Books 2